Jesús y los problemas de su historicidad /
Desde una perspectiva científica este texto pretende ofrecer información sobre los más importantes problemas relacionados con la historicidad de Jesús. Indaga en la relación que media entre el testimonio de la fe y los hechos históricos narrados en los Evangelios y, muy especialmente, entre el probl...
Sábháilte in:
| Príomhchruthaitheoir: | |
|---|---|
| Formáid: | LEABHAR |
| Teanga: | Spáinnis |
| Ábhair: | |
| Clibeanna: |
Níl clibeanna ann, Bí ar an gcéad duine le clib a chur leis an taifead seo!
|
MARC
| LEADER | 00000nam^a2200000^a^4500 | ||
|---|---|---|---|
| 001 | 000036508 | ||
| 005 | 20250521000000.0 | ||
| 009 | 20260310085352.094 | ||
| 020 | |a 84-254-0483-5 | ||
| 037 | |a Acervo ITESO - Biblioteca | ||
| 041 | |a ESP | ||
| 082 | |a 232. 908 |b TRI | ||
| 100 | |a Trilling, Wolfgang |e (autor) | ||
| 245 | 1 | 0 | |a Jesús y los problemas de su historicidad / |c W. Trilling; tr. por: Constantino Ruiz Garrido. |
| 264 | |a Barcelona, España : |b Herder, |c 1985 | ||
| 300 | |a 222 p. | ||
| 336 | |a texto |b txt |2 rdacontenido | ||
| 337 | |a sin mediación |b n |2 rdamedio | ||
| 338 | |a volumen |b nc |2 rdasoporte | ||
| 500 | |a Traducción de: Fragen zur Geschichtlichkeit Jesu | ||
| 520 | |a Desde una perspectiva científica este texto pretende ofrecer información sobre los más importantes problemas relacionados con la historicidad de Jesús. Indaga en la relación que media entre el testimonio de la fe y los hechos históricos narrados en los Evangelios y, muy especialmente, entre el problema de la unidad del Jesús histórico y el Cristo de la fe. | ||
| 649 | |a XX | ||
| 650 | |a Religión | ||
| 650 | |a Cristología | ||
| 650 | |a Jesucristo - |x Historicidad | ||
| 910 | |a Fondo General | ||
| 920 | |a Impresos - Libros | ||
| 930 | |a Colección General | ||
| 905 | |a 101 | ||
| 901 | |a 0365080100 |b IT1 |c ACC |i 036508 |u 20250521 | ||
| 902 | |a https://opac.biblio.iteso.mx/vufind/Record/000036508 | ||